Proyección de una inversión o ampliación de planta (Registro nro. 9235)

Detalles MARC
000 -LEADER
fixed length control field 00382 a2200121 4500
001 - CONTROL NUMBER
control field ART_7920
005 - DATE AND TIME OF LATEST TRANSACTION
control field 20260410161556.0
008 - FIXED-LENGTH DATA ELEMENTS--GENERAL INFORMATION
fixed length control field 260409a
100 1# - MAIN ENTRY--PERSONAL NAME
Personal name Giménez, Carlos Manuel
245 10 - TITLE STATEMENT
Title Proyección de una inversión o ampliación de planta
700 1# - ADDED ENTRY--PERSONAL NAME
Personal name Alonso, Juan Carlos
773 0# - HOST ITEM ENTRY
Title Profesional & Empresaria
Related parts - Año XI, Nº 118 (jul. 2009)
Record control number REV70

No hay ítems disponibles.